ARRUPE JESUIT UNIVERSITY

CORONAVIRUS -STOP THE SPREAD - CLEAN,DISINFECT,COVER

Zimbabwe's guerrilla war (Record no. 13190)

MARC details
000 -LEADER
fixed length control field 00451nam a2200193Ia 4500
003 - CONTROL NUMBER IDENTIFIER
control field 0100
005 - DATE AND TIME OF LATEST TRANSACTION
control field 20170601113451.0
008 - FIXED-LENGTH DATA ELEMENTS--GENERAL INFORMATION
fixed length control field 130303s9999 xx 000 0 und d
020 ## - INTERNATIONAL STANDARD BOOK NUMBER
International Standard Book Number 521392543
040 ## - CATALOGING SOURCE
Transcribing agency ARRUPELIB
050 ## - LIBRARY OF CONGRESS CALL NUMBER
Classification number DT2988.K75 1992
300 ## - PHYSICAL DESCRIPTION
Other physical details 303p. 23cm
100 ## - MAIN ENTRY--PERSONAL NAME
Personal name Kriger, Norma J
9 (RLIN) 18194
245 ## - TITLE STATEMENT
Title Zimbabwe's guerrilla war
245 ## - TITLE STATEMENT
Remainder of title peasant voices
260 ## - PUBLICATION, DISTRIBUTION, ETC. (IMPRINT)
Name of publisher, distributor, etc Cambridge University Press
Place of publication, distribution, etc New York
Date of publication, distribution, etc 1992
300 ## - PHYSICAL DESCRIPTION
Extent x
650 ## - SUBJECT ADDED ENTRY--TOPICAL TERM
Topical term or geographic name as entry element Guerillas
General subdivision History
Chronological subdivision 20th century
Geographic subdivision Zimbabwe
9 (RLIN) 31897
650 ## - SUBJECT ADDED ENTRY--TOPICAL TERM
Topical term or geographic name as entry element Public opinion
General subdivision history
Chronological subdivision 20th century
Geographic subdivision Zimbabwe
9 (RLIN) 31898
650 ## - SUBJECT ADDED ENTRY--TOPICAL TERM
Topical term or geographic name as entry element Attitudes
General subdivision History
Chronological subdivision 20th century
9 (RLIN) 31899
650 ## - SUBJECT ADDED ENTRY--TOPICAL TERM
Topical term or geographic name as entry element Peasantry
Geographic subdivision Zimbabwe
9 (RLIN) 31900
942 ## - ADDED ENTRY ELEMENTS (KOHA)
Source of classification or shelving scheme Library of Congress Classification
Koha item type Monograph ( Printed materials)
Holdings
Withdrawn status Lost status Source of classification or shelving scheme Damaged status Not for loan Collection code Home library Current library Shelving location Date acquired Total Checkouts Full call number Barcode Date last seen Date checked out Copy number Price effective from Koha item type
    Library of Congress Classification     Main Collection ARRUPE LIBRARY ARRUPE LIBRARY   04/03/2013 3 DT2988.K75 1992 46003033345 27/05/2020 11/03/2020 1 04/03/2013 Monograph ( Printed materials)
    Library of Congress Classification     Main Collection ARRUPE LIBRARY ARRUPE LIBRARY   04/03/2013 7 DT2988.K75 1992 46003033342 23/04/2019 19/03/2019 2 04/03/2013 Monograph ( Printed materials)

 

Arrupe Library. PO Box MP320 Mt Pleasant, Harare, Zimbabwe
263 242 745411|librarian@aju.ac.zw